Quizzes
Events
Quiz Creation
Community
Videos
Private Events
Remove Ads
Sign In
Join for FREE
Feedback
Dark Mode
Quiz Categories
Sports
Geography
Music
Movies
Television
Just For Fun
Miscellaneous
History
Literature
Language
Science
Gaming
Entertainment
Religion
Holiday
For Kids
Quiz Lab
Recent
Popular Today
Quiz Kudos Today
Editor Picks
Curator Picks
Quizzes by...
Day
Popularity
Type
Ratings
Length
Year
Community
Subscriptions
Recent Discussions
Orange Saloon
Badges
Playlists
Quests
Create
Leaderboards
Showdown
Live 5
Trivia Bingo
Activity
Puzzle Library
Sporcle Events
Private Events
Virtual Trivia
Globe League
Become a Host
Pub Owners
SporcleCon
Opinionation
Our Games
Videos
Blog
Mobile Apps
Partnerships
Remove Ads and Go Orange
Feedback
Movies
Disney
Marvel Cinematic Universe
Movie Resume
Movie Titles
Oscar
Actor
Actress
Director
Pixar
Role
Movie Quotes
Movie Characters
Box Office
Nominee
Best Picture
Star Wars
James Bond
Horror Movies
Movies
Disney
Marvel Cinematic Universe
Movie Resume
Movie Titles
Oscar
Actor
Actress
Director
Pixar
Role
Movie Quotes
Movie Characters
Box Office
Nominee
Best Picture
Star Wars
James Bond
Horror Movies
Random Quiz
Search Sporcle
×
Quiz Lab
Quiz Lab
Movies
Director
Type in answers that appear in a list
Type in answers that appear in a list
Classic
Best Score? Go Orange.
TSPDT's 1000 Greatest Films, 301-400 (2017 Update) Stats
Can you name TSPDT's 1000 Greatest Films, 301-400 (2016 Update)?
By
EricJ
20m
100 Questions
128 Plays
128 Plays
128 Plays
Comments
Comments
Give Quiz Kudos
Give Quiz Kudos
-
- Ratings
hide this ad
Replay
Link that replays current quiz
Next Quiz
Link to next quiz in quiz playlist
You Got
0%
They Got
Avg Score
55%
Avg Friend Score
Upgrade to see
Score Distribution
Jump to the score distribution portion of the page
Score
0/100
Timer
20:00
0
Plays Today
Director
Film
% Correct
Andy Wachowski & Lana Wachowski
The Matrix
95.3%
Irvin Kershner
The Empire Strikes Back
93.3%
Stanley Kubrick
Eyes Wide Shut
93.3%
Michael Mann
Heat
92.2%
Jonathan Demme
The Silence of the Lambs
91.5%
Ang Lee
Brokeback Mountain
89.8%
Charles Chaplin
The Kid
89.1%
John Carpenter
The Thing
89.1%
George A. Romero
Dawn of the Dead
88.3%
Milos Forman
Amadeus
88.3%
Rob Reiner
This is Spinal Tap
87.5%
Sidney Lumet
Network
86.7%
Robert Zemeckis
Back to the Future
86.7%
Martin Scorsese
The King of Comedy
85.2%
Bob Fosse
Cabaret
85.2%
David Lean
The Bridge on the River Kwai
84.7%
Sidney Lumet
Dog Day Afternoon
83.6%
Georges Méliès
Le voyage dans la lune
83.1%
Robert Wise & Jerome Robbins
West Side Story
81.7%
James Whale
Bride of Frankenstein
78.9%
Pedro Almodóvar
All About My Mother
78.9%
Bernardo Bertolucci
Last Tango in Paris
78.9%
Alfred Hitchock
Marnie
77.3%
Michael Powell
Peeping Tom
75%
Akira Kurosawa
Yojimbo
75%
John Schlesinger
Midnight Cowboy
75%
George Roy Hill
Butch Cassidy and the Sundance Kid
74.2%
Andrew Stanton
Wall-E
71.2%
Douglas Sirk
All That Heaven Allows
71.1%
Lindsay Anderson
If....
70.3%
Fernando Meirelles & Kátia Lund
City of God
68.3%
John Huston
The Dead
67.8%
David Lynch
Lost Highway
67.2%
Jim Jarmusch
Stranger Than Paradise
66.4%
Director
Film
% Correct
Fred Zinnemann
High Noon
66.1%
Frank Capra
It Happened One Night
65%
Krzyztof Kieslowski
The Double Life of Veronique
64.1%
Georges Franju
Eyes Without a Face
63.3%
John Cassavetes
The Killing of a Chinese Bookie
63.3%
Aleksandr Sokurov
Russian Ark
62.5%
Jacques Tati
Mr. Hulot's Holiday
62.5%
Roman Polanski
The Tenant
61.7%
Michael Powell/
Emeric Pressburger
I Know Where I'm Going!
60.2%
Douglas Sirk
Written on the Wind
60.2%
Thomas Vinterberg
Festen
58.6%
Béla Tarr
Werckmeister Harmonies
58.3%
Akira Kurosawa
High and Low
57.8%
David Cronenberg
Dead Ringers
57.6%
John Cassavetes
Shadows
55.5%
Andy Warhol
Chelsea Girls
54.7%
Robert Aldrich
Kiss Me Deadly
53.9%
Andrei Tarkovsky
Ivan's Childhood
53.9%
Andrei Tarkovsky
The Sacrifice
52.3%
Michelangelo Antonioni
Red Desert
52.3%
D.A. Pennebaker
Don't Look Back
52.3%
Agnès Varda
The Gleaners & I
51.6%
François Truffaut
Shoot the Piano Player
50.8%
John Ford
How Green Was My Valley
50%
Bernardo Bertolucci
1900
50%
Preston Sturges
The Palm Beach Story
50%
Jirí Menzel
Closely Watched Trains
49.2%
Charles Burnett
Killer of Sheep
48.3%
Andrei Tarkovsky
Nostalghia
47.7%
Hiroshi Teshigahara
Woman in the Dunes
47.5%
Robert Rossen
The Hustler
47.5%
Nagisa Oshima
In the Realm of the Senses
46.7%
Agnès Varda
Cléo from 5 to 7
46.1%
Ermanno Olmi
The Tree of Wooden Clogs
45.8%
Director
Film
% Correct
David Hand
Snow White and the Seven Dwarfs
43.8%
Wong Kar-
wai
Happy Together
43.3%
Roberto Rossellini
Stromboli
42.4%
Max Ophüls
Lola Montès
42.2%
Yasujiro Ozu
I Was Born, But...
41.4%
Jacques Demy
The Young Girls of Rochefort
40.7%
Leo McCarey
Make Way for Tomorrow
40.6%
Mikhail Kalatozov
I Am Cuba
40%
Leo McCarey
An Affair to Remember
37.3%
Sergie Eisenstein & Grigori Aleksandrov
October
36.7%
Luis Buñuel
El
36.7%
George Cukor
A Star is Born
33.6%
King Hu
A Touch of Zen
33.3%
Satyajit Ray
Charulata
30.5%
Wang Bing
Tie Xi Qu: West of the Tracks
28.8%
Francesco Rosi
Salvatore Giuliano
28.8%
Wong Kar-
wai
Days of Being Wild
28.1%
Barbara Loden
Wanda
28.1%
Hou Hsiao-
hsien
The Time to Live and the Time to Die
27.3%
Jacques Rivette
Out 1, noli me tangere
27.3%
Eric Rohmer
The Green Ray
27.3%
Jean Renoir
French Cancan
27.3%
Rainer Werner Fassbinder
In a Year with 13 Moons
27.1%
Abbas Kiarostami
Where is the Friend's Home?
26.6%
Max Ophüls
Le Plaisir
26.6%
Abbas Kiarostami
Through the Olive Trees
25.8%
Ritwik Ghatak
The Cloud-Capped Star
25.8%
Mohsen Makhmalbaf
A Moment of Innocence
25.4%
Pier Paolo Pasolini
Teorema
25.4%
Theo Angelopoulos
Landscape in the Mist
24.2%
Robert Flaherty
Man of Aran
16.4%
Jean Renoir
The Crime of Monsieur Lange
16.4%
Quiz Playlist
Details
Report
Send in Message
Add To Playlist
Classic:
Type in answers that appear in a list
Quiz Source
Last Updated: Apr 9, 2017
Quiz Scoreboard
CHALLENGE
Sign Up to Join the Scoreboard
Show All
Scores
Hide
Comments
May contain spoilers
Recently Published
Presidents Visiting Landmarks
by Hejman
History
7m
An Introduction to Baseball
by treessimontrees
Sports
5m
Movies - When Are They Set?
by FPL_Elf
Movies
5m
More to Explore
Quiz From the Vault
Featured Blog Post
Where Did the Easter Bunny Come From?
hide this ad
You Might Also Like...
Tags
Director Quiz
1000
2016
greatest
tspdt
Updated
Today's Top Quizzes in Movies
Browse Movies
hide this ad
Today's Top Quizzes in Director
Browse Director
Top Contributed Quizzes in Movies
1
Pick 5 Posters: Directed by Spielberg
2
7-to-1: Pixar Characters
3
Pick 5 Posters: Lowest-Rated Spielberg
4
Pick 5 Posters: Directed by Scorsese
5
Pick 5 Posters: Star & Director
6
Sorting Actors
7
Sorting Actresses
8
12 Movies about Fictional 1960s Events
9
Multi-Oscar Nominations, One Movie, One Winner
10
Pick 5 Posters: Women Directed 2020s
Explore More
Trending Topics
NBA
Anime
Crossword
Disney
Kpop
Marvel
Harry Potter
Soccer
Pokémon
Country
NFL
The Office
Song
Puzzle
WWE
hide this ad
More By:
EricJ
Quiz
Plays
Rating
Category
Featured
Created
TSPDT's 1000 Greatest Films, 1-100 (2017 Update)
602
4.00
Movies
May 29, 2016
TSPDT's 1000 21st Century Films, 1-100 (2017 Update)
277
5.00
Movies
Jun 9, 2016
TSPDT's 1000 Greatest Films, 101-200 (2017 Update)
206
4.33
Movies
May 30, 2016
TSPDT's 1000 Greatest Films, 201-300 (2017 Update)
156
4.00
Movies
May 31, 2016
TSPDT's 1000 21st Century Films, 101-200 (2016 Update)
142
4.00
Movies
Jun 9, 2016
Go to Creator's Profile
Score Distribution
Quiz Creator Spotlight
EricJ
Follow
Send a Message
Quizzes Created
-
Created Quiz Play Count
-
More By This Creator
Popular Quizzes Today
1
Find the US States - No Outlines Minefield
2
Find the Countries of Europe - No Outlines Minefield
3
The Countries of the World
4
Find the US States
5
Popular People in 1961
6
US States
7
Risky Map Clicking: Biggest States A-Z
8
Movies - When Are They Set?
More Movies Quizzes
Movies Cut Off At 'S'
Published
Trending Quizzes
Risky Map Clicking: Least Populous States A-Z
1-10 Letter G Words
1-10 Letter F Words
Risky Map Clicking: Next State Alphabetically
Risky Map Clicking: Biggest States A-Z
Recently Updated
Leaping Animals
pecheneg
Reality TV Shows (A-Z)
bhenderson79
Rickey Henderson's Hall of Fame Teammates
pecheneg
Champions League XIs: Arsenal
pecheneg
Quick Pick: Celebrities in WWE's Hall of Fame
aduchscher
A-Z Keypad Blitz II
pecheneg
Multiple Oscar Actors
pecheneg
Mystery Phrase Blitz: Oscar 'Best Actors'
pecheneg
F. Scott Fitzgerald Novels
LTH
Pick 3 Villains
ddd62291
Trending Topics
Marvel
Kpop
Crossword
Anime
Disney
Harry Potter
NBA
Pokémon
The Office
NFL
Country
Puzzle
WWE
Song
Soccer
Your Account Isn't Verified!
In order to create a playlist on Sporcle, you need to verify the email address you used during registration. Go to your
Sporcle Settings
to finish the process.
Report this User
Report this user for behavior that violates our
Community Guidelines
.
Details:
Send Report
Go to the Sporcle.com Mobile Site →
Comments